| 000 | 01544cam a2200301 4500 | ||
|---|---|---|---|
| 008 | 020311n2002 000 0 eng u | ||
| 020 | _a190085872X | ||
| 035 | _a(Sirsi) u117079 | ||
| 041 | _aeng. | ||
| 050 | _aF692.5 | ||
| 110 |
_aBuilding Cost Information Service _91096 |
||
| 245 | _aAccess audit price guide | ||
| 260 |
_aLondon _bBCIS _c2002 |
||
| 300 |
_a300p _c30cm |
||
| 350 | _a79.50 | ||
| 520 | _aProvides initial guidance on the current levels of cost of a range of typical building work that may be carried out to comply with the Disability Discrimination Act 1995 and Approved Document M of the Building Regulations. Serves as a useful tool for anyone estimating or checking the cost of such work, such as access auditors, access consultants, surveyors, designers, building owners, building occupiers and building control officers. | ||
| 650 | _aBUILT ENVIRONMENT-BUILDING COSTS | ||
| 650 | _aDISABILITY DISCRIMINATION ACT 1995 | ||
| 650 | _aBUILDING REGULATIONS 1991 APPROVED DOCUMENT M (1999 EDITION) | ||
| 650 | _aMANAGEMENT-BUSINESS MANAGEMENT-DISCRIMINATION-DISABILITY DISCRIMINATION-ACCESSIBILITY-ACCESS AUDITS | ||
| 650 | _aMANAGEMENT-BUSINESS MANAGEMENT-DISCRIMINATION-DISABILITY DISCRIMINATION-ACCESSIBILITY | ||
| 650 | _aMANAGEMENT-BUSINESS MANAGEMENT-DISCRIMINATION-DISABILITY DISCRIMINATION-ACCESSIBILITY | ||
| 650 |
_aBUILDING REGULATIONS _96224 |
||
| 650 | _aBUILDING ALTERATIONS | ||
| 650 | _aCENTRE FOR ACCESSIBLE ENVIRONMENTS | ||
| 690 | _aBUILT ENVIRONMENT-BUILDING COSTS | ||
| 942 | _n0 | ||
| 999 |
_c101940 _d101940 |
||